[Event "ESP-chT2"]
[Site "Vila Real"]
[Date "2001.??.??"]
[Round "5"]
[White "Illescas Cordoba, Miguel"]
[Black "Vera, Reynaldo"]
[Result "1/2-1/2"]
[WhiteElo "2574"]
[BlackElo "2563"]
[EventDate "2001.08.13"]

1. d4 Nf6 2. Nf3 d5 3. c4 e6 4. Nc3 Nbd7 5. cxd5 exd5 6. Bg5 Be7 7. e3 O-O
8. Bd3 Re8 9. O-O Nf8 10. Ne5 c6 11. Rb1 N6d7 12. Nxd7 Bxg5 13. Nxf8 Rxf8 
14. Qc2 g6 15. b4 a6 16. Na4 Be7 17. Nc5 Bd6 18. Rfc1 Qe7 19. a3 1/2-1/2

[Event "EU-Cup 17th"]
[Site "Panormo"]
[Date "2001.09.29"]
[Round "7"]
[White "Timoshenko, Georgy"]
[Black "Zvjaginsev, Vadim"]
[Result "1/2-1/2"]
[WhiteElo "2554"]
[BlackElo "2638"]
[EventDate "2001.09.22"]

1. d4 Nf6 2. c4 e6 3. Nc3 d5 4. cxd5 exd5 5. Bg5 c6 6. e3 Be7 7. Bd3 Nbd7 
8. Qc2 Nh5 9. Bxe7 Qxe7 10. Nge2 Nb6 11. O-O g6 12. a3 O-O 13. b4 a6 14. 
Ng3 Nf6 15. Na4 1/2-1/2

[Event "EU-ch 2nd"]
[Site "Ohrid"]
[Date "2001.06.01"]
[Round "1"]
[White "Dautov, Rustem"]
[Black "Sargissian, Gabriel"]
[Result "1-0"]
[WhiteElo "2631"]
[BlackElo "2517"]
[EventDate "2001.06.01"]

1. d4 d5 2. c4 e6 3. Nc3 Nf6 4. cxd5 exd5 5. Bg5 Be7 6. e3 O-O 7. Bd3 Nbd7
8. Qc2 c6 9. Nf3 Re8 10. h3 Nf8 11. Bf4 Bd6 12. Bxd6 Qxd6 13. O-O-O Be6 
14. g4 Qe7 15. Kb1 Ne4 16. Bxe4 dxe4 17. Nd2 Bd5 18. h4 Rad8 19. Rc1 Rd6 
20. Ka1 Nd7 21. Qa4 a6 22. Qa5 Nf6 23. Rhg1 Qd7 24. Qc5 b6 25. Qa3 c5 26. 
dxc5 bxc5 27. Qxc5 Rc8 28. Qa3 Bb7 29. Nb3 Rdc6 30. g5 Ne8 31. Rcd1 Qh3 
32. Nd5 1-0

[Event "EU-ch 2nd"]
[Site "Ohrid"]
[Date "2001.06.10"]
[Round "9"]
[White "Beliavsky, Alexander G"]
[Black "Bischoff, Klaus"]
[Result "1-0"]
[WhiteElo "2638"]
[BlackElo "2533"]
[EventDate "2001.06.01"]

1. d4 e6 2. c4 Nf6 3. Nf3 d5 4. Nc3 Nbd7 5. cxd5 exd5 6. Bg5 c6 7. e3 Be7 
8. Bd3 Nb6 9. Ne5 Nfd7 10. Bxe7 Qxe7 11. Nxd7 Bxd7 12. Qc2 h5 13. O-O O-O 
14. Rae1 Rae8 15. f4 Bc8 16. Qe2 g6 17. f5 Qg5 18. Rf3 Qh6 19. Qf2 g5 20. 
Rh3 g4 21. Rh4 Qg5 22. h3 Nd7 23. hxg4 hxg4 24. e4 dxe4 25. Nxe4 Rxe4 26. 
Rxe4 Nf6 27. Rf4 Re8 28. Qg3 Kf8 29. Rh8+ Ke7 30. Qe3+ Kd8 31. Rxe8+ Nxe8 
32. Re4 Qxe3+ 33. Rxe3 Nd6 34. f6 Be6 35. b3 Kd7 36. Re1 b5 37. Kh2 Ne8 
38. d5 Bxd5 39. Re7+ Kd8 40. Rxa7 Nxf6 41. Bf5 c5 42. Kg3 c4 43. bxc4 Bxc4
44. Kf4 Nd5+ 45. Ke5 Ne3 46. a3 Nxf5 47. Kxf5 g3 48. Kf4 Ke8 49. Kxg3 Kf8 
50. Kf4 Kg7 51. Kg5 Bf1 52. g3 Bd3 53. Rb7 Bf1 54. Rb6 Bd3 55. Rc6 Bf1 56.
 Kf5 Bh3+ 57. Ke5 Bf1 58. Rb6 1-0

[Event "EU-ch 2nd"]
[Site "Ohrid"]
[Date "2001.06.14"]
[Round "13"]
[White "Gershon, Alik"]
[Black "Sturua, Zurab"]
[Result "1/2-1/2"]
[WhiteElo "2539"]
[BlackElo "2600"]
[EventDate "2001.06.01"]

1. d4 d5 2. c4 c6 3. Nc3 Nf6 4. Nf3 e6 5. Bg5 Nbd7 6. cxd5 exd5 7. e3 Be7 
8. Qc2 O-O 9. Bd3 Re8 10. h3 Nf8 11. Bf4 Be6 12. O-O-O Rc8 13. Kb1 c5 14. 
dxc5 Bxc5 15. Be5 N8d7 16. Bd4 Ne4 17. Bxc5 Ndxc5 18. Nd4 Bd7 19. Nxe4 
dxe4 20. Bc4 Ba4 21. b3 Qb6 22. Qb2 Bd7 23. g4 Qg6 24. Rhg1 Rcd8 25. Qc3 
b6 26. Rc1 a5 27. Nf5 Kf8 28. Nd4 Qd6 29. h4 Qe5 30. h5 h6 31. Rg3 Rc8 32.
 Qd2 Nb7 33. Rcg1 Nd6 34. Be2 f6 35. Rd1 Red8 36. Qb2 Be8 37. Rgg1 Kg8 38.
 Rd2 Bf7 39. Qa3 Qc5 40. Qb2 a4 41. Rc2 Qd5 42. Rgc1 axb3 43. axb3 Rc5 44.
 Rd1 Qa8 45. Rcd2 Rdc8 46. Rc2 Nb7 47. Rxc5 Nxc5 48. Nf5 Rd8 49. g5 hxg5 
50. h6 Rxd1+ 51. Bxd1 Qd8 52. Qd4 Qxd4 53. exd4 Ne6 54. d5 Nf4 55. d6 gxh6
56. d7 Ne6 57. Ne7+ Kf8 58. Nc6 Bg6 59. Bg4 f5 60. Be2 Be8 61. dxe8=Q+ 
Kxe8 62. Bh5+ Kd7 63. Ne5+ Ke7 64. b4 Nf4 65. Ng6+ Nxg6 66. Bxg6 Kf6 67. 
Be8 g4 68. Kc2 Kg5 69. Kd2 h5 70. Ke2 h4 71. Kf1 h3 72. Kg1 f4 73. Bd7 e3 
74. fxe3 fxe3 75. Kf1 Kh4 76. Ke2 h2 77. Bc6 Kh3 78. Bh1 g3 79. Kf3 b5 80.
 Bg2+ Kh4 81. Kxe3 Kg5 82. Ke4 Kg4 83. Ke5 Kg5 84. Bf3 Kh4 85. Bg2 Kg4 86.
 Ke4 Kg5 87. Ke5 Kg4 88. Ke4 1/2-1/2

[Event "EU-ch 2nd"]
[Site "Ohrid"]
[Date "2001.06.14"]
[Round "13"]
[White "Timoshenko, Georgy"]
[Black "Tkachiev, Vladislav"]
[Result "1/2-1/2"]
[WhiteElo "2537"]
[BlackElo "2672"]
[EventDate "2001.06.01"]

1. d4 Nf6 2. c4 e6 3. Nf3 d5 4. Nc3 Be7 5. cxd5 exd5 6. Bg5 c6 7. e3 Bf5 
8. Bd3 Bxd3 9. Qxd3 Nbd7 10. O-O Rf8 1/2-1/2

[Event "EU-ch 2nd playoff g15'"]
[Site "Ohrid"]
[Date "2001.06.15"]
[Round "2.2"]
[White "Istratescu, Andrei"]
[Black "Tregubov, Pavel V"]
[Result "0-1"]
[WhiteElo "2561"]
[BlackElo "2628"]
[EventDate "2001.06.15"]

1. c4 e6 2. d4 d5 3. Nc3 c6 4. cxd5 exd5 5. Bf4 Bf5 6. e3 Qb6 7. Qd2 Nf6 
8. Nge2 Ne4 9. Nxe4 Bxe4 10. Nc3 Bg6 11. Be2 Nd7 12. g4 Be7 13. h4 h6 14. 
O-O-O Qa5 15. Bg3 b5 16. a3 b4 17. Na2 c5 18. Bd3 Bxd3 19. Qxd3 c4 20. Qd2
c3 21. bxc3 b3 22. Nb4 Qxa3+ 23. Qb2 Bxb4 24. cxb4 Qxb4 25. Rd3 O-O 26. 
Rxb3 Qe7 27. Qb1 Nb6 28. Kd2 Rac8 29. Qf5 Rc6 30. g5 h5 31. Ke2 Rfc8 32. 
Ra1 g6 33. Qf3 Qd7 34. Rb2 Nc4 35. Rba2 a5 36. Kf1 a4 37. Kg2 a3 38. e4 
dxe4 39. Qxe4 Re6 40. Qd3 Qd5+ 41. Kh2 Re4 42. Rc2 Rxd4 43. Qb3 Re8 44. 
Rac1 Nd2 45. Qxd5 Rxd5 46. Kg2 Ne4 47. Bf4 Ra5 48. Re2 Raa8 49. Kf3 a2 50.
 Ra1 Nc3 51. Rc2 Ra3 52. Kg2 Re2 53. Rcc1 f6 0-1

[Event "EU-chT (Men)"]
[Site "Leon"]
[Date "2001.11.06"]
[Round "1.1"]
[White "Agrest, Evgenij"]
[Black "Dervishi, Erald"]
[Result "1/2-1/2"]
[WhiteElo "2563"]
[BlackElo "2501"]
[EventDate "2001.11.06"]

1. c4 e6 2. Nc3 d5 3. d4 Nf6 4. cxd5 exd5 5. Bg5 Be7 6. e3 O-O 7. Bd3 Nbd7
8. Nf3 Re8 9. O-O c6 10. Qc2 Nf8 11. Rae1 Be6 12. Nd2 N6d7 13. Bxe7 Rxe7 
14. f4 f6 15. Nf3 c5 16. Qf2 Rc8 17. f5 Bf7 18. g4 h6 19. Nh4 a6 20. Ng2 
b5 21. Nf4 c4 22. Bc2 Nb6 23. a3 Qd7 24. e4 dxe4 25. Nxe4 Nd5 26. Nc5 Qd6 
27. Nxd5 Bxd5 28. Rxe7 Qxe7 29. Nxa6 Re8 30. Nb4 Ba8 31. Bd1 Qe4 32. Bf3 
Qxf3 33. Qxf3 Bxf3 34. Rxf3 Re4 35. Nc6 Rxg4+ 36. Kf2 Rh4 37. h3 Kf7 38. 
d5 Nd7 39. Re3 Ne5 40. Kg3 Rh5 41. Nxe5+ fxe5 42. Rxe5 Rg5+ 43. Kh2 g6 44.
 h4 Rxf5 45. Rxf5+ gxf5 46. Kg3 Ke7 47. Kf4 Kd6 48. Kxf5 Kxd5 49. Kg6 Kc5 
50. Kxh6 b4 51. axb4+ Kxb4 52. h5 Kb3 53. Kg5 Kxb2 54. h6 c3 55. h7 c2 56.
 h8=Q+ Kb1 57. Qh7 Kb2 58. Qb7+ Ka1 1/2-1/2

[Event "HUN-chT 0102"]
[Site "Hungary"]
[Date "2001.09.30"]
[Round "1"]
[White "Pinter, Jozsef"]
[Black "Acs, Peter"]
[Result "1-0"]
[WhiteElo "2550"]
[BlackElo "2514"]
[EventDate "2001.??.??"]

1. d4 d5 2. c4 c6 3. Nc3 Nf6 4. Nf3 e6 5. Bg5 Nbd7 6. cxd5 exd5 7. e3 Be7 
8. Bd3 O-O 9. Qc2 Re8 10. O-O Nf8 11. Rab1 a5 12. Rbe1 Ng6 13. Ne5 Nxe5 
14. dxe5 Ng4 15. Bxe7 Qxe7 16. f4 Qh4 17. h3 Nxe3 18. Rxe3 d4 19. Re4 dxc3
20. f5 Qe7 21. Qxc3 b6 22. Kh1 Qc5 23. Rc4 Qd5 24. e6 1-0

[Event "Jonsson mem op"]
[Site "Reykjavik"]
[Date "2001.10.31"]
[Round "8"]
[White "Nielsen, Peter Heine"]
[Black "Chandler, Murray G"]
[Result "1-0"]
[WhiteElo "2620"]
[BlackElo "2544"]
[EventDate "2001.10.23"]

1. d4 Nf6 2. c4 e6 3. Nc3 d5 4. cxd5 exd5 5. Bg5 c6 6. e3 Bf5 7. Qf3 Bg6 
8. Bxf6 Qxf6 9. Qxf6 gxf6 10. h4 h5 11. Nh3 Bd6 12. g3 Nd7 13. Nf4 O-O-O 
14. Bh3 Kb8 15. Bxd7 Rxd7 16. f3 Re7 17. Kf2 Rhe8 18. Rae1 f5 19. Re2 Kc8 
20. Rb1 Kb8 21. a3 Rc8 22. Rc1 a5 23. Na4 Rce8 24. Nc5 b6 25. Ncd3 Kb7 26.
 b4 Ra8 27. Rec2 Rc7 28. bxa5 Rxa5 29. Nb4 Rxa3 30. Nxc6 Rd7 31. Nxd5 f4 
32. e4 fxg3+ 33. Kg2 f5 34. e5 Bc5 35. Nf4 Kxc6 36. dxc5 Be8 37. cxb6+ 
Kxb6 38. Rb2+ Ka7 39. Rc8 Re7 40. e6 Ra5 41. Kxg3 Ra4 42. Rc5 Bc6 43. Rxf5
Ra3 44. Rf2 Be8 45. Rg5 Kb7 46. Rb2+ Ka7 47. Nd5 1-0

[Event "Kharkov Rector Cup 3rd"]
[Site "Kharkov"]
[Date "2001.04.19"]
[Round "2"]
[White "Eljanov, Pavel"]
[Black "Pelletier, Yannick"]
[Result "1/2-1/2"]
[WhiteElo "2558"]
[BlackElo "2531"]
[EventDate "2001.04.18"]

1. Nf3 Nf6 2. c4 e6 3. Nc3 d5 4. d4 c6 5. Bg5 Nbd7 6. cxd5 exd5 7. e3 Be7 
8. Bd3 O-O 9. Qc2 Re8 10. O-O Nf8 11. h3 g6 12. Bh6 Ne6 13. Ne5 Ng7 14. g4
Bb4 15. f4 Bxc3 16. bxc3 Ne4 17. Bxe4 dxe4 18. Qxe4 f6 19. f5 fxe5 20. f6 
Nf5 21. gxf5 Qxf6 22. dxe5 Bxf5 23. exf6 Rxe4 24. Rab1 b5 25. Rb4 1/2-1/2

[Event "Kharkov Rector Cup 3rd"]
[Site "Kharkov"]
[Date "2001.04.20"]
[Round "3"]
[White "Moiseenko, Alexander"]
[Black "Pelletier, Yannick"]
[Result "1-0"]
[WhiteElo "2561"]
[BlackElo "2531"]
[EventDate "2001.04.18"]

1. d4 d5 2. c4 c6 3. Nc3 Nf6 4. e3 e6 5. Qc2 Nbd7 6. Bd2 Be7 7. Nf3 O-O 8.
 cxd5 exd5 9. Bd3 c5 10. O-O a6 11. dxc5 Nxc5 12. Bf5 Qb6 13. Nd4 Ne6 14. 
Nce2 Ne4 15. Bxe4 dxe4 16. Qxe4 Qxb2 17. Bc3 Qa3 18. Nf5 Re8 19. Rfd1 f6 
20. Rac1 a5 21. Neg3 Bb4 22. Bxf6 gxf6 23. Nh5 Qb2 24. Rc7 Kf8 25. Rf7+ 
Kxf7 26. Nh6+ Kf8 27. Qxh7 1-0

[Event "Kiev"]
[Site "Kiev"]
[Date "2001.??.??"]
[Round "6"]
[White "Neverov, Valeriy"]
[Black "Grigoriants, Sergey"]
[Result "1/2-1/2"]
[WhiteElo "2562"]
[BlackElo "2515"]
[EventDate "2001.??.??"]

1. d4 d5 2. c4 e6 3. Nc3 Be7 4. cxd5 exd5 5. Bf4 c6 6. e3 Bf5 7. g4 Be6 8.
 h3 Nf6 9. Bd3 c5 10. Nb5 Na6 11. Ne2 O-O 12. O-O Qd7 13. Nbc3 Nb4 14. Bb5
Nc6 15. dxc5 Bxc5 16. Rc1 Rfd8 17. Na4 Bd6 18. Nd4 Rac8 19. Bg5 Be7 20. 
Nc5 Bxc5 21. Bxf6 Bxd4 22. Bxd4 a6 23. Ba4 h5 24. Bxc6 1/2-1/2

[Event "Lausanne YM 3rd"]
[Site "Lausanne"]
[Date "2001.05.26"]
[Round "4.1"]
[White "Bu Xiangzhi"]
[Black "Harikrishna, Penteala"]
[Result "1-0"]
[WhiteElo "2558"]
[BlackElo "2504"]
[EventDate "2001.05.20"]

1. d4 d5 2. c4 c6 3. Nf3 Nf6 4. Nc3 e6 5. cxd5 exd5 6. Bg5 Nbd7 7. Qc2 Be7
8. e3 O-O 9. Bd3 Re8 10. O-O Nf8 11. h3 h6 12. Bf4 Ne6 13. Bh2 Ng5 14. Ne5
Bd6 15. Rad1 Qe7 16. f4 Nge4 17. g4 Nxc3 18. bxc3 c5 19. Qg2 Be6 20. Kh1 
Nh7 21. Bxh7+ Kxh7 22. f5 Bxe5 23. dxe5 Bd7 24. f6 Qf8 25. c4 d4 26. exd4 
cxd4 27. Qxb7 Be6 28. fxg7 Qxg7 29. Rf6 Rab8 30. Qe4+ Kg8 31. Bf4 Qh7 32. 
Qxh7+ Kxh7 33. Kh2 Rb2+ 34. Kg3 Rxa2 35. Kh4 Ra3 36. Rxd4 Rc3 37. Rxh6+ 
Kg7 38. Bd2 Rc2 39. Bg5 Bxc4 40. Rh5 Be6 41. Bf6+ Kg6 42. Rg5+ Kh7 43. 
Rg7+ Kh8 44. Kh5 1-0

[Event "Linares Anibal op 8th"]
[Site "Linares"]
[Date "2001.01.15"]
[Round "8"]
[White "Epishin, Vladimir"]
[Black "Kacheishvili, Giorgi"]
[Result "1/2-1/2"]
[WhiteElo "2578"]
[BlackElo "2556"]
[EventDate "2001.01.08"]

1. d4 Nf6 2. c4 e6 3. Nc3 d5 4. cxd5 exd5 5. Bg5 Be7 6. e3 c6 7. Bd3 O-O 
8. Qc2 Nbd7 9. Nf3 Re8 10. h3 Nf8 11. Bf4 Ng6 12. Bh2 Bd6 13. O-O-O Bxh2 
14. Nxh2 b5 15. g4 a5 16. Nf1 a4 17. Ng3 Qa5 18. Nce2 b4 19. Kb1 Bd7 20. 
Qd2 Rec8 21. Rc1 c5 22. dxc5 Ne5 23. Nd4 Rxc5 24. Rxc5 Qxc5 25. g5 Ne8 26.
 Rc1 Nc4 27. Bxc4 dxc4 28. Ne4 Qe7 29. f4 Rc8 30. h4 Rc7 31. Ka1 Bc8 32. 
Nb5 Rc6 33. Nd4 Rc7 34. Nb5 Rc6 35. Nd4 1/2-1/2

[Event "Lost Boys op"]
[Site "Amsterdam"]
[Date "2001.08.12"]
[Round "3"]
[White "Gustafsson, Jan"]
[Black "Sokolov, Ivan"]
[Result "1/2-1/2"]
[WhiteElo "2535"]
[BlackElo "2659"]
[EventDate "2001.08.10"]

1. d4 Nf6 2. c4 e6 3. Nc3 d5 4. cxd5 exd5 5. Bg5 c6 6. e3 Bf5 7. Qf3 Bg6 
8. Bxf6 Qxf6 9. Qxf6 gxf6 10. Nf3 Nd7 11. Nh4 Be7 12. g3 Nb6 13. f3 a5 14.
 Kf2 a4 15. Be2 Nc8 16. e4 a3 17. b3 dxe4 18. fxe4 O-O 19. Rac1 Bb4 20. 
Bd3 Rd8 21. Nxg6 hxg6 22. Ke3 Nd6 23. Rhd1 Re8 24. Kf3 Re7 25. Rd2 Rd8 26.
 Rdc2 Bxc3 27. Rxc3 Rde8 28. d5 cxd5 29. exd5 Re3+ 30. Kg2 R8e5 31. Bc4 
Nxc4 32. bxc4 Re2+ 33. Kf3 Rxa2 34. R3c2 Rxc2 35. Rxc2 b5 36. cxb5 Rxd5 
37. Ra2 Rd3+ 38. Kf4 Kg7 39. b6 f5 40. b7 Rb3 41. Rxa3 Rxb7 42. h4 Kh6 43.
 Kf3 Kh5 44. Ra8 Rb3+ 45. Kf4 Kh6 46. Ra7 Kg7 47. Rc7 Rb1 48. Kf3 Rf1+ 49.
 Kg2 Rd1 50. Kf3 Kf6 51. Ra7 Ke6 52. Rb7 Rd7 53. Rb5 f6 54. Ra5 Rd3+ 55. 
Kf4 g5+ 56. hxg5 Rd4+ 57. Ke3 Re4+ 58. Kf3 fxg5 59. Ra6+ Ke5 60. Ra5+ Kf6 
61. Ra6+ Re6 62. Ra3 Rd6 63. Ra2 Rd3+ 64. Kf2 Ke5 65. Ra8 g4 66. Re8+ Kd4 
67. Rd8+ Kc3 68. Rf8 Rf3+ 69. Kg2 Kd2 70. Ra8 Ke2 1/2-1/2

[Event "Lost Boys op"]
[Site "Amsterdam"]
[Date "2001.08.16"]
[Round "6"]
[White "Sokolov, Ivan"]
[Black "Timman, Jan H"]
[Result "1/2-1/2"]
[WhiteElo "2659"]
[BlackElo "2597"]
[EventDate "2001.08.10"]

1. d4 Nf6 2. c4 e6 3. Nf3 d5 4. Nc3 Nbd7 5. cxd5 exd5 6. Bg5 Be7 7. e3 c6 
8. Bd3 O-O 9. Qc2 Re8 10. h3 Nf8 11. O-O Be6 12. Ne5 N6d7 13. Bxe7 Rxe7 
14. f4 f6 15. Nf3 Nb6 16. Rae1 Qc7 17. Re2 Bd7 18. Rfe1 c5 19. e4 cxd4 20.
 Nxd5 Nxd5 21. exd5 Qxc2 22. Bxc2 Rxe2 23. Rxe2 Rc8 24. Nxd4 Rc4 25. Rd2 
Ng6 26. f5 Ne5 27. d6 Kh8 28. Bb3 Rc1+ 29. Kh2 g6 30. Be6 gxf5 31. Bxd7 
Nxd7 32. Re2 Rd1 33. Re8+ Kg7 34. Re7+ Kg6 35. Nxf5 Ne5 36. Nh4+ Kg5 37. 
Kg3 Rd3+ 38. Nf3+ Nxf3 39. gxf3 Rxd6 40. Rxb7 Ra6 41. a3 h5 42. f4+ Kf5 
43. Rb5+ Kg6 44. Rd5 Rb6 45. b4 Rc6 46. Rc5 Rd6 47. Ra5 Rd3+ 48. Kh4 Rf3 
49. Rxa7 Rxf4+ 50. Kg3 Rc4 51. b5 h4+ 52. Kf2 Rc2+ 53. Kf3 Rc3+ 54. Kg2 
Rc2+ 55. Kf1 Rc1+ 56. Ke2 Rc2+ 57. Ke1 Rc1+ 58. Kd2 Rh1 59. Re7 Rxh3 60. 
Re3 Rh1 61. Re1 Rh3 62. Re3 Rh1 63. Re1 Rh3 64. Re3 1/2-1/2

[Event "NED-chT 0001"]
[Site "Netherlands"]
[Date "2001.03.03"]
[Round "5"]
[White "Sokolov, Ivan"]
[Black "Sadler, Matthew"]
[Result "1-0"]
[WhiteElo "2659"]
[BlackElo "2633"]
[EventDate "2000.10.??"]

1. d4 d5 2. c4 e6 3. Nc3 Nf6 4. cxd5 exd5 5. Bg5 Be7 6. e3 Nbd7 7. Bd3 O-O
8. Nf3 Re8 9. O-O c6 10. Qc2 Nf8 11. h3 g6 12. Bh6 Bd6 13. Rab1 Bd7 14. 
Rfe1 Qc8 15. Ng5 Ne6 16. f4 Nh5 17. Nf3 Bf8 18. Bxf8 Nxf8 19. b4 Ng3 20. 
Kh2 Nf5 21. e4 dxe4 22. Nxe4 Qd8 23. Qb2 h6 24. Ne5 Nh7 25. Nc5 Bc8 26. 
Qb3 Rf8 27. Bc4 Qf6 28. Ne4 Qg7 29. Rbd1 b5 30. Bxf7+ Rxf7 31. g4 Ne7 32. 
Nd6 Nd5 33. Nexf7 Nhf6 34. g5 1-0

[Event "PHI-ch"]
[Site "Quezon City"]
[Date "2001.04.07"]
[Round "6"]
[White "Torre, Eugenio"]
[Black "Antonio, Rogelio Jr"]
[Result "1/2-1/2"]
[WhiteElo "2546"]
[BlackElo "2548"]
[EventDate "2001.04.02"]

1. d4 d5 2. Nf3 e6 3. c4 Nf6 4. Nc3 Be7 5. Bg5 c6 6. e3 Nbd7 7. Qc2 O-O 8.
 cxd5 exd5 9. Bd3 Re8 10. O-O Nf8 11. Ne5 Ng4 12. Bxe7 Qxe7 13. Nxg4 Bxg4 
14. Bf5 Bxf5 15. Qxf5 Qe6 16. Qxe6 1/2-1/2

[Event "Poikovsky Karpov 2nd"]
[Site "Poikovsky"]
[Date "2001.05.07"]
[Round "7"]
[White "Georgiev, Kiril"]
[Black "Lputian, Smbat G"]
[Result "1/2-1/2"]
[WhiteElo "2676"]
[BlackElo "2607"]
[EventDate "2001.05.05"]

1. d4 e6 2. c4 d5 3. Nc3 Be7 4. cxd5 exd5 5. Bf4 c6 6. Qc2 Bd6 7. Bg3 Ne7 
8. e3 Bf5 9. Qb3 Nc8 10. Nf3 Qb6 11. Nd2 O-O 12. Be2 Na6 13. a3 Nc7 14. 
O-O Re8 15. Rfc1 Ne6 16. Qd1 a5 17. Na4 Qd8 18. Nf1 Bg6 19. Bd3 Bxd3 20. 
Qxd3 h5 21. Bxd6 Nxd6 22. Nc5 Nxc5 23. Rxc5 Re6 24. b3 Rg6 25. Ra2 h4 26. 
f3 f5 27. a4 Qg5 28. Rf2 Re6 29. Qd2 Qd8 30. Rc1 Qb6 31. Qd3 Rae8 32. g3 
Qd8 33. Rg2 hxg3 34. hxg3 Rh6 35. Rcc2 Ree6 36. Rh2 Qe8 37. Rxh6 Rxh6 38. 
Rh2 Rxh2 39. Nxh2 g5 40. g4 Qe6 41. gxf5 Qxf5 42. Qxf5 Nxf5 43. Ng4 Kf7 
44. Kf2 Ke6 45. Ke2 b6 46. Kd3 c5 47. dxc5 bxc5 48. Nf2 Nh4 49. Ke2 Ng6 
50. Nh3 1/2-1/2

[Event "Porzellan Cup"]
[Site "Dresden"]
[Date "2001.??.??"]
[Round "1"]
[White "Graf, Alexander"]
[Black "Ovsejevitsch, Sergei"]
[Result "1-0"]
[WhiteElo "2649"]
[BlackElo "2516"]
[EventDate "2001.01.??"]

1. d4 Nf6 2. c4 e6 3. Nc3 d5 4. cxd5 exd5 5. Bg5 Be7 6. e3 c6 7. Qc2 Nbd7 
8. Bd3 O-O 9. Nf3 Re8 10. h3 Nf8 11. Bf4 Be6 12. O-O Bd6 13. Bxd6 Qxd6 14.
 a3 g6 15. Rac1 Re7 16. b4 a6 17. Na4 Rae8 18. Nc5 Bc8 19. a4 Nh5 20. b5 
axb5 21. axb5 cxb5 22. Bxb5 Rd8 23. Be2 Ng7 24. Qb2 Nge6 25. Rc2 Nxc5 26. 
dxc5 Qe6 27. Rb1 Nd7 28. c6 Nf8 29. Nd4 Qf6 30. Bg4 Ne6 31. Nf5 1-0

[Event "Pre Continental g/25' 10''"]
[Site "Sao Paulo"]
[Date "2001.07.28"]
[Round "4"]
[White "Lima, Darcy"]
[Black "Sunye Neto, Jaime"]
[Result "1/2-1/2"]
[WhiteElo "2543"]
[BlackElo "2558"]
[EventDate "2001.07.28"]

1. d4 Nf6 2. c4 e6 3. Nc3 d5 4. cxd5 exd5 5. Bg5 Be7 6. e3 c6 7. Bd3 Nbd7 
8. Qc2 Nf8 9. Nge2 Ne6 10. Bh4 g6 11. O-O O-O 12. Rad1 Nh5 13. Bxe7 Qxe7 
14. Ng3 Nxg3 15. hxg3 h5 16. Rfe1 Kg7 17. e4 dxe4 18. Bxe4 Qf6 19. d5 Nd4 
20. Qd2 c5 21. Ne2 Nb5 22. Rc1 Nd6 23. Bf3 b6 24. b4 c4 25. Nc3 Bf5 26. 
Be4 Rfe8 27. Bxf5 Qxf5 28. a4 Rxe1+ 29. Rxe1 Qf6 30. Re3 Rd8 31. b5 Rc8 
1/2-1/2

[Event "RUS-ch 54th"]
[Site "Elista"]
[Date "2001.05.01"]
[Round "2"]
[White "Riazantsev, Alexander"]
[Black "Malakhov, Vladimir"]
[Result "0-1"]
[WhiteElo "2510"]
[BlackElo "2623"]
[EventDate "2001.04.29"]

1. d4 d5 2. c4 e6 3. cxd5 exd5 4. Nc3 c6 5. Bf4 Bf5 6. e3 Qb6 7. Qd2 Nf6 
8. Nge2 Nbd7 9. Ng3 Bg6 10. Be2 Be7 11. O-O O-O 12. Na4 Qd8 13. Rfc1 a6 
14. Bd3 Ne4 15. Nxe4 dxe4 16. Bf1 Nf6 17. Nc5 Ra7 18. Bg5 b6 19. Na4 c5 
20. Nc3 Rd7 21. Nb5 h6 22. Bh4 cxd4 23. Nxd4 Ng4 24. Bxe7 Qxe7 25. Qe2 Ne5
26. Qb5 Qf6 27. Rc3 Rfd8 28. h3 Rd5 29. Qb3 Bf5 30. Rac1 Kh7 31. Be2 R8d6 
32. Bc4 Rc5 33. Be2 Nd7 34. R3c2 Be6 35. Nxe6 fxe6 36. Bf1 Qf5 37. Rxc5 
Nxc5 38. Qc2 Nd3 39. Rd1 Nb4 40. Qe2 Rxd1 41. Qxd1 Qd5 42. Qxd5 exd5 43. 
a3 Nc6 44. Bxa6 Kg6 45. Bb7 Ne7 46. f3 exf3 47. gxf3 Kf5 48. Kf2 Ke5 49. 
Ke2 g5 50. Kd3 h5 51. Kc3 Nf5 52. Kd3 Nd6 53. f4+ Ke6 54. Bc6 g4 55. hxg4 
hxg4 56. Ke2 Nc4 57. e4 dxe4 58. Bxe4 Nxb2 59. Kf2 Kd6 60. Kg3 b5 61. Kxg4
Nc4 62. a4 bxa4 63. Bb1 a3 64. f5 Ne3+ 65. Kg5 Ke7 66. f6+ Kf8 67. Kf4 
Nd5+ 0-1

[Event "Rohde op"]
[Site "Sautron"]
[Date "2001.11.02"]
[Round "7"]
[White "Istratescu, Andrei"]
[Black "Dgebuadze, Alexandre"]
[Result "1/2-1/2"]
[WhiteElo "2600"]
[BlackElo "2540"]
[EventDate "2001.10.27"]

1. c4 e6 2. Nc3 d5 3. d4 c6 4. cxd5 exd5 5. Bf4 Bd6 6. Bg3 Ne7 7. e3 Bf5 
8. Nf3 Bxg3 9. hxg3 Qb6 10. Qd2 Nd7 11. Rc1 h6 12. Na4 Qc7 13. b4 O-O 14. 
Be2 Nf6 15. b5 Qd6 16. Nc3 Ne4 17. Nxe4 Bxe4 18. O-O cxb5 19. Bxb5 Bxf3 
20. gxf3 Rac8 21. Kg2 Rxc1 22. Rxc1 Rc8 23. Ba4 Rxc1 24. Qxc1 b6 25. Qc3 
h5 26. Bb3 a5 27. Bc2 g6 28. Bd3 Kg7 29. Kf1 Qd7 30. Qb3 Qc6 31. a4 Qc1+ 
32. Kg2 Qc6 33. Bb5 Qf6 34. Bd7 Qd6 35. Qb5 Kf8 36. Bh3 Qc6 37. Qb3 Kg7 
38. Kg1 Qf6 39. f4 Qc6 40. Bf1 Ng8 41. Qb5 1/2-1/2

[Event "Rohde op"]
[Site "Sautron"]
[Date "2001.11.04"]
[Round "9"]
[White "Istratescu, Andrei"]
[Black "Goloshchapov, Alexander"]
[Result "1-0"]
[WhiteElo "2603"]
[BlackElo "2550"]
[EventDate "2001.10.27"]

1. c4 e6 2. Nc3 d5 3. d4 c6 4. cxd5 exd5 5. Bf4 Bf5 6. e3 Qb6 7. Qd2 Nf6 
8. Nge2 Ne4 9. Nxe4 Bxe4 10. Nc3 Nd7 11. Nxe4 dxe4 12. a3 Be7 13. Bc4 O-O 
14. O-O Nf6 15. Qc2 Rfe8 16. Be5 Rad8 17. b4 Rd7 18. f3 exf3 19. Rxf3 a5 
20. Raf1 axb4 21. axb4 Qxb4 22. Rg3 Rd6 23. Bd3 h6 24. Bc4 1-0

[Event "SUI-chT"]
[Site "Switzerland"]
[Date "2001.09.08"]
[Round "6.1"]
[White "Gabriel, Christian"]
[Black "King, Daniel J"]
[Result "1/2-1/2"]
[WhiteElo "2575"]
[BlackElo "2537"]
[EventDate "2001.03.04"]

1. d4 Nf6 2. c4 e6 3. Nc3 d5 4. cxd5 exd5 5. Bg5 c6 6. e3 Bf5 7. Bd3 Bxd3 
8. Qxd3 Be7 9. Nf3 Nbd7 10. O-O O-O 11. Rab1 a5 12. Qc2 Re8 13. a3 Ne4 14.
 Bxe7 Qxe7 15. b4 1/2-1/2

[Event "SUI-chT"]
[Site "Switzerland"]
[Date "2001.10.27"]
[Round "8.1"]
[White "Milov, Vadim"]
[Black "King, Daniel J"]
[Result "1-0"]
[WhiteElo "2620"]
[BlackElo "2537"]
[EventDate "2001.03.04"]

1. d4 Nf6 2. c4 e6 3. Nc3 d5 4. cxd5 exd5 5. Bg5 c6 6. e3 Be7 7. Bd3 Nbd7 
8. Nge2 Nf8 9. O-O Ng4 10. Bf4 Ng6 11. Bg3 Bd6 12. h3 Nh6 13. Bxd6 Qxd6 
14. f4 Nf5 15. Qd2 Qe7 16. Bxf5 Bxf5 17. Ng3 Nh4 18. Rae1 O-O-O 19. a3 Kb8
20. b4 Rhe8 21. Kh2 Bc8 22. e4 dxe4 23. Rxe4 Qc7 24. Rxe8 Rxe8 25. b5 Nf5 
26. Nxf5 Bxf5 27. a4 Bd7 28. bxc6 Qxc6 29. Rb1 Qd6 30. Kh1 Rc8 31. a5 Rc7 
32. d5 Qc5 33. d6 Rc8 34. Ne4 Qc2 35. Qb4 Bc6 36. d7 Rd8 37. Qd6+ Ka8 38. 
Qc7 1-0

[Event "VIE-ch"]
[Site "Can Tho"]
[Date "2001.??.??"]
[Round "6"]
[White "Dao Thien Hai"]
[Black "Tu Hoang Thong"]
[Result "1-0"]
[WhiteElo "2564"]
[BlackElo "2510"]
[EventDate "2001.??.??"]

1. d4 d5 2. c4 e6 3. Nc3 Nf6 4. cxd5 exd5 5. Bg5 c6 6. e3 Bf5 7. Qf3 Bg6 
8. Bxf6 Qxf6 9. Qxf6 gxf6 10. Nge2 Bd6 11. Ng3 h5 12. h3 Nd7 13. Kd2 Ke7 
14. Nce2 c5 15. Nf4 cxd4 16. Nxd5+ Ke6 17. Nf4+ Ke5 18. Bc4 dxe3+ 19. Kxe3
Bc5+ 20. Kf3 Kd6 21. Rhd1+ Ke7 22. Ke2 Ne5 23. Rac1 b6 24. Nd5+ Kf8 25. 
Nxf6 Be7 26. Nd7+ Nxd7 27. Rxd7 Bh4 28. Bd5 Rd8 29. Rcc7 Rxd7 30. Rxd7 Kg7
31. Rxa7 Bf6 32. b3 Re8+ 33. Kf3 Re5 34. Rd7 Be7 35. Kf4 Kf6 36. a4 Re1 
37. Ne4+ Bxe4 38. Bxe4 Re2 39. Kf3 Rb2 40. Bd5 Rd2 41. Ke3 Rd1 42. f4 Re1+
43. Kd3 Rf1 44. Rb7 Rxf4 45. Rxb6+ Ke5 46. Ba8 Bb4 47. Rb5+ Kd6 48. Rxh5 
Kc7 49. Rb5 Be1 50. Be4 Rf2 51. Bf3 Rb2 52. Rb7+ Kd6 53. Kc4 Rc2+ 54. Kb5 
Rc5+ 55. Ka6 Ra5+ 56. Kb6 Rf5 57. Rb8 Rf4 58. Rd8+ Ke7 59. Rd5 Ke6 60. Rb5
Kd6 61. a5 Bf2+ 62. Kb7 Rh4 63. a6 1-0

[Event "AUT-chT 0102"]
[Site "Austria"]
[Date "2002.01.18"]
[Round "6"]
[White "Bischoff, Klaus"]
[Black "Boensch, Uwe"]
[Result "1/2-1/2"]
[WhiteElo "2558"]
[BlackElo "2542"]
[EventDate "2001.10.06"]

1. c4 e6 2. Nc3 d5 3. d4 Nf6 4. cxd5 exd5 5. Bg5 c6 6. e3 Be7 7. Qc2 Nbd7 
8. Nf3 O-O 9. Bd3 Re8 10. h3 Nf8 11. Bf4 Bd6 12. Bxd6 Qxd6 13. O-O-O Be6 
14. Kb1 Rac8 15. Rc1 Qe7 16. Rhd1 1/2-1/2